000 00430nam a2200133 a 4500
001 000023825
005 20200930022508.0
008 110114s1988 dr 001 0 spa d
040 _aDO-SdBNP
_bspa
_cBNPHU
245 0 3 _aDe colores :
_bcantos del movimiento de cursillos de cristiandad.
260 _aSanto Domingo :
_bMovimiento de Cursillos de Cristiandadddd,
_c1988.
_fEditora Taller
300 _a107 p. ;
_c21 cm.
049 _aBNPD
999 _c23321
_d23321